[Event "Campeonato del Mundo sub-20 2010 Fem."]
[Site "Chotowa-Czarna, Poland"]
[Date "2010.08.15"]
[Round "12.9"]
[White "Pavlidou, Ekaterini"]
[Black "Olsarova, Tereza"]
[Result "1-0"]
[WhiteElo "2182"]
[BlackElo "2252"]
[PlyCount "105"]
[EventDate "2010.08.03"]
[EventType "swiss"]
[EventRounds "13"]
[EventCountry "POL"]
[Source "lmi"]
[SourceDate "2010.08.03"]

1. d4 Nf6 2. c4 c5 3. d5 e6 4. Nc3 exd5 5. cxd5 d6 6. e4 g6 7. h3 Bg7 8. Nf3 a6
9. Bd3 b5 10. O-O O-O 11. a3 Nbd7 12. Bf4 Ne8 13. Re1 Ne5 14. Nxe5 dxe5 15. Be3
c4 16. Bf1 Nd6 17. b3 cxb3 18. Qxb3 f5 19. Rac1 f4 20. Bc5 f3 21. g3 Rf6 22.
Na2 Nc4 23. Rxc4 bxc4 24. Qxc4 g5 25. Nb4 Kh8 26. Nc6 Qe8 27. Nxe5 Qxe5 28. Bd4
Qb8 29. Bxf6 Bxf6 30. e5 Bxe5 31. Qe4 Bf6 32. Qe8+ Kg7 33. Re7+ Bxe7 34. Qxe7+
Kg8 35. Qe8+ Kg7 36. Qe7+ Kg8 37. d6 Qb1 38. Qxg5+ Kh8 39. Qe5+ Kg8 40. Qd5+
Kg7 41. Qxa8 Bxh3 42. Qxa6 Kf6 43. Qd3 Qxd3 44. Bxd3 Ke6 45. Bxh7 Kxd6 46. Be4
Bg4 47. Kf1 Kc5 48. Ke1 Kc4 49. Kd2 Kb3 50. Ke3 Kxa3 51. Bxf3 Be6 52. Be4 Kb4
53. Kd4 1-0

[Event "Campeonato del Mundo sub-20 2010 Fem."]
[Site "Chotowa-Czarna, Poland"]
[Date "2010.08.15"]
[Round "12.11"]
[White "Kulon, Klaudia"]
[Black "Labedz, Patrycja"]
[Result "1-0"]
[WhiteElo "2230"]
[BlackElo "2076"]
[PlyCount "79"]
[EventDate "2010.08.03"]
[EventType "swiss"]
[EventRounds "13"]
[EventCountry "POL"]
[Source "lmi"]
[SourceDate "2010.08.03"]

1. c4 Nf6 2. Nc3 c6 3. Nf3 d5 4. e3 e6 5. b3 Nbd7 6. Bb2 Bd6 7. Be2 a6 8. Qc2
e5 9. d3 Qe7 10. a4 b6 11. O-O Bb7 12. Rfe1 h5 13. Rad1 Nh7 14. cxd5 cxd5 15.
e4 d4 16. Nd5 Bxd5 17. exd5 O-O 18. Nd2 Rac8 19. Qb1 Bb4 20. f4 exf4 21. Bxd4
Bc5 22. Bxc5 Qxc5+ 23. d4 Qxd4+ 24. Kh1 Rce8 25. Nf3 Qf6 26. Bxa6 Ng5 27. Nxg5
Qxg5 28. Rxe8 Rxe8 29. Bb5 f3 30. gxf3 Qf4 31. Rf1 Re3 32. Qc1 Ne5 33. d6 Nxf3
34. Qc8+ Kh7 35. Qc2+ g6 36. d7 Qd6 37. Qg2 Ne5 38. Qa8 Ng4 39. Rxf7+ Kh6 40.
Qh8+ 1-0

[Event "Campeonato del Mundo sub-20 2010 Fem."]
[Site "Chotowa-Czarna, Poland"]
[Date "2010.08.15"]
[Round "12.12"]
[White "Nesterovskaya, Anzhelika"]
[Black "Adamowicz, Katarzyna"]
[Result "0-1"]
[WhiteElo "2177"]
[BlackElo "2123"]
[PlyCount "94"]
[EventDate "2010.08.03"]
[EventType "swiss"]
[EventRounds "13"]
[EventCountry "POL"]
[Source "lmi"]
[SourceDate "2010.08.03"]

1. e4 e5 2. Nf3 Nc6 3. Bb5 a6 4. Ba4 Nf6 5. O-O b5 6. Bb3 Be7 7. Re1 d6 8. c3
O-O 9. h3 Na5 10. Bc2 c5 11. d4 Qc7 12. a4 Bd7 13. Nbd2 cxd4 14. cxd4 Nc6 15.
b3 Nb4 16. Bb1 Qc3 17. Ra3 exd4 18. Nf1 d3 19. Bd2 Qc5 20. Be3 Qc6 21. axb5
Qxb5 22. Nd4 Qb7 23. f3 d5 24. e5 Ne8 25. Ra1 Bh4 26. g3 Be7 27. h4 Bb5 28. f4
f5 29. Ne6 Rf7 30. Bd4 h6 31. Qh5 Qc6 32. Ng5 hxg5 33. e6 Rf8 34. hxg5 Bc5 35.
Bxc5 Qxc5+ 36. Kg2 Qc3 37. Re5 Nc6 38. e7 Nxe7 39. Rxe7 Qxa1 40. g6 Nf6 41.
Qxf5 Qb2+ 42. Kh1 Bd7 43. Rxd7 Rae8 44. Bxd3 Qxb3 45. Rd6 a5 46. Kg2 a4 47. g4
Nxg4 0-1

[Event "Campeonato del Mundo sub-20 2010 Fem."]
[Site "Chotowa-Czarna, Poland"]
[Date "2010.08.15"]
[Round "12.14"]
[White "Nemcova, Katerina"]
[Black "Guadamuro Torrente, Anabel"]
[Result "1-0"]
[WhiteElo "2282"]
[BlackElo "2137"]
[PlyCount "67"]
[EventDate "2010.08.03"]
[EventType "swiss"]
[EventRounds "13"]
[EventCountry "POL"]
[Source "lmi"]
[SourceDate "2010.08.03"]

1. e4 e5 2. Nf3 Nc6 3. Bb5 Nd4 4. Nxd4 exd4 5. O-O c6 6. Bc4 Nf6 7. Re1 d6 8.
Qe2 Be7 9. e5 dxe5 10. Qxe5 b5 11. Bb3 a5 12. a4 Ra7 13. d3 O-O 14. Bg5 Qd7 15.
Nd2 Bd6 16. Qe2 Ng4 17. Nf3 h6 18. Bd2 c5 19. h3 Nf6 20. Ne5 Qc7 21. axb5 Bxe5
22. Qxe5 Qb6 23. Bc4 Bd7 24. Qg3 Ne8 25. Bf4 Bxb5 26. Bxb5 Qxb5 27. Bxh6 f6 28.
b3 Qd7 29. Bf4 Kf7 30. Qf3 g6 31. Bb8 Rb7 32. Bf4 Ra7 33. Bd2 Qc7 34. Bh6 1-0

[Event "Campeonato del Mundo sub-20 2010 Fem."]
[Site "Chotowa-Czarna, Poland"]
[Date "2010.08.15"]
[Round "12.15"]
[White "Saduakassova, Dinara"]
[Black "Toth, Sarolta"]
[Result "1/2-1/2"]
[WhiteElo "2131"]
[BlackElo "2207"]
[PlyCount "55"]
[EventDate "2010.08.03"]
[EventType "swiss"]
[EventRounds "13"]
[EventCountry "POL"]
[Source "lmi"]
[SourceDate "2010.08.03"]

1. d4 d5 2. Nf3 Nf6 3. c4 dxc4 4. e3 Bg4 5. Bxc4 e6 6. h3 Bh5 7. Nbd2 a6 8. O-O
Nc6 9. Be2 Bd6 10. Nc4 O-O 11. b3 Re8 12. Nxd6 cxd6 13. Bb2 Rc8 14. Rc1 b5 15.
a3 Qd7 16. Nd2 Bxe2 17. Qxe2 e5 18. dxe5 dxe5 19. Rfd1 Qe6 20. a4 Rb8 21. axb5
Rxb5 22. Ra1 Na5 23. Bc3 Nb7 24. Nf3 Ne4 25. Be1 Rc8 26. Rdc1 Rxc1 27. Rxc1 Rc5
28. Qd1 1/2-1/2

[Event "Campeonato del Mundo sub-20 2010 Fem."]
[Site "Chotowa-Czarna, Poland"]
[Date "2010.08.15"]
[Round "12.16"]
[White "Forestier, Carole"]
[Black "Semenova, Elena"]
[Result "1/2-1/2"]
[WhiteElo "2103"]
[BlackElo "2194"]
[PlyCount "79"]
[EventDate "2010.08.03"]
[EventType "swiss"]
[EventRounds "13"]
[EventCountry "POL"]
[Source "lmi"]
[SourceDate "2010.08.03"]

1. d4 d5 2. Bf4 Nf6 3. e3 Bf5 4. c4 c6 5. Nc3 e6 6. Qb3 b6 7. Nf3 Nbd7 8. Be2
Be7 9. Rc1 O-O 10. h3 Ne4 11. O-O Bd6 12. Bxd6 Nxd6 13. cxd5 exd5 14. Qa4 b5
15. Qd1 Qa5 16. a4 b4 17. Nb1 Bxb1 18. Rxb1 Nb6 19. Ne5 Rac8 20. Rc1 c5 21.
dxc5 Rxc5 22. Nc6 Rxc1 23. Nxa5 Rxd1 24. Rxd1 Rc8 25. Bf3 g6 26. Bxd5 Rc5 27.
Bf3 Rxa5 28. Rxd6 Rxa4 29. Rd4 Ra1+ 30. Kh2 a5 31. b3 Rc1 32. Rd6 Nc8 33. Rd5
Ne7 34. Rxa5 Rb1 35. Ra7 Kf8 36. Ra8+ Kg7 37. Ra7 Kf6 38. Ra6+ Kg7 39. Ra7 Kf8
40. Ra8+ 1/2-1/2

[Event "Campeonato del Mundo sub-20 2010 Fem."]
[Site "Chotowa-Czarna, Poland"]
[Date "2010.08.15"]
[Round "12.17"]
[White "Jablonska, Sabina"]
[Black "Abdulla, Khayala Mardan"]
[Result "1-0"]
[WhiteElo "1876"]
[BlackElo "2193"]
[PlyCount "69"]
[EventDate "2010.08.03"]
[EventType "swiss"]
[EventRounds "13"]
[EventCountry "POL"]
[Source "lmi"]
[SourceDate "2010.08.03"]

1. e4 c5 2. Nf3 e6 3. d4 cxd4 4. Nxd4 a6 5. Bd3 Nf6 6. O-O Qc7 7. Qe2 d6 8. c4
g6 9. Nc3 Bg7 10. Be3 O-O 11. f4 Nbd7 12. Rac1 b6 13. Nf3 Bb7 14. b4 Rac8 15.
h3 Qb8 16. g4 Qa8 17. Bd2 Ne8 18. f5 exf5 19. gxf5 Nc7 20. Nd5 Nxd5 21. exd5 a5
22. Ng5 Rce8 23. Qf2 Ne5 24. Bb1 Nxc4 25. Rxc4 Ba6 26. f6 Bh8 27. Nxh7 Qxd5 28.
Rd4 Qc6 29. Rc1 Qa8 30. Qh4 Re5 31. Ng5 Rxg5+ 32. Qxg5 Qf3 33. Rf4 Qxh3 34.
Bxg6 Bxf6 35. Bxf7+ 1-0

[Event "Campeonato del Mundo sub-20 2010 Fem."]
[Site "Chotowa-Czarna, Poland"]
[Date "2010.08.15"]
[Round "12.18"]
[White "Baciu, Diana"]
[Black "Heredia Serrano, Carla Sofia"]
[Result "0-1"]
[WhiteElo "2127"]
[BlackElo "2080"]
[PlyCount "60"]
[EventDate "2010.08.03"]
[EventType "swiss"]
[EventRounds "13"]
[EventCountry "POL"]
[Source "lmi"]
[SourceDate "2010.08.03"]

1. e4 c6 2. d4 d5 3. Nd2 dxe4 4. Nxe4 Bf5 5. Ng3 Bg6 6. h4 h6 7. Nf3 Nd7 8. h5
Bh7 9. Bd3 Bxd3 10. Qxd3 e6 11. Bd2 Ngf6 12. O-O-O Be7 13. Qe2 O-O 14. Nf1 Ng4
15. Ne1 Ngf6 16. Nf3 Ng4 17. Ne5 Ngxe5 18. dxe5 Qc7 19. f4 Rfd8 20. g4 Qb6 21.
Ng3 Nc5 22. Qe3 Rd5 23. Ne2 Rad8 24. Rh3 Qa6 25. Nc3 Rd3 26. cxd3 Rxd3 27. Qg1
Rxh3 28. Be3 Na4 29. Kb1 Nxc3+ 30. bxc3 Qe2 0-1

[Event "Campeonato del Mundo sub-20 2010 Fem."]
[Site "Chotowa-Czarna, Poland"]
[Date "2010.08.15"]
[Round "12.19"]
[White "Khanamiryan, Ani"]
[Black "Lach, Aleksandra"]
[Result "0-1"]
[WhiteElo "2014"]
[BlackElo "2179"]
[PlyCount "148"]
[EventDate "2010.08.03"]
[EventType "swiss"]
[EventRounds "13"]
[EventCountry "POL"]
[Source "lmi"]
[SourceDate "2010.08.03"]

1. f4 d5 2. Nf3 g6 3. e3 Bg7 4. Be2 Nf6 5. O-O O-O 6. d3 c5 7. Nbd2 Qb6 8. Nb3
Nc6 9. h3 a5 10. a4 Nh5 11. Kh2 f5 12. d4 c4 13. Nbd2 Nf6 14. Ne5 Nxe5 15. fxe5
Nd7 16. Kh1 Qc7 17. b3 Nb6 18. Ba3 c3 19. Nb1 Be6 20. Qd3 Rac8 21. Qb5 Na8 22.
Bf3 Rcd8 23. Qd3 Rc8 24. Qb5 Rcd8 25. Rd1 f4 26. Rd3 fxe3 27. Rxc3 Qd7 28. Qxd7
Rxd7 29. Rxe3 Bh6 30. Rc3 Nc7 31. Bc5 Na6 32. Bb6 Bc1 33. Bxa5 Bb2 34. Ra2 Bxc3
35. Nxc3 Rc8 36. Nb5 Bf5 37. c3 Be6 38. Bb6 Rc6 39. Kg1 Rc8 40. a5 Bf5 41. Rd2
h5 42. Kf2 Kg7 43. Ke3 Kh6 44. Rf2 Be6 45. Be2 Kg7 46. Kd2 Bf5 47. Na7 Ra8 48.
Nb5 Rf8 49. g4 hxg4 50. hxg4 Be6 51. Rxf8 Kxf8 52. Ke3 g5 53. Kf3 Bg8 54. Kg3
Kg7 55. Bd3 Kf8 56. Bf5 e6 57. Bd3 Bh7 58. Be2 Bc2 59. b4 Ba4 60. Nd6 Nb8 61.
b5 Rh7 62. c4 dxc4 63. Bxc4 Nd7 64. Bd8 Rh1 65. Bxe6 Nb8 66. Bc7 Na6 67. bxa6
bxa6 68. Nf5 Rc1 69. Bd6+ Ke8 70. Bd5 Rg1+ 71. Kf2 Rxg4 72. Ng7+ Kd8 73. Ke3
Rg3+ 74. Ke4 Bc2# 0-1

[Event "Campeonato del Mundo sub-20 2010 Fem."]
[Site "Chotowa-Czarna, Poland"]
[Date "2010.08.15"]
[Round "12.20"]
[White "Petrova, Irina"]
[Black "Gosciniak, Maria"]
[Result "1/2-1/2"]
[WhiteElo "2014"]
[BlackElo "2149"]
[PlyCount "117"]
[EventDate "2010.08.03"]
[EventType "swiss"]
[EventRounds "13"]
[EventCountry "POL"]
[Source "lmi"]
[SourceDate "2010.08.03"]

1. d4 Nf6 2. Nf3 g6 3. c4 Bg7 4. Nc3 O-O 5. e4 d6 6. Be2 Nbd7 7. O-O e5 8. d5
Nc5 9. Qc2 a5 10. Bg5 h6 11. Be3 Nh5 12. Rfe1 b6 13. a3 f5 14. b4 Nxe4 15. Nxe4
fxe4 16. Nd2 Nf4 17. Bf1 Nd3 18. Reb1 axb4 19. Nxe4 Nc5 20. Nxc5 bxc5 21. axb4
Rxa1 22. Rxa1 Bf5 23. Qd2 cxb4 24. Qxb4 Qb8 25. Qd2 h5 26. Ra7 h4 27. Qa5 Rc8
28. h3 Qb1 29. Rxc7 Rxc7 30. Qxc7 Bd3 31. Qd8+ Bf8 32. Qxh4 Qxf1+ 33. Kh2 Bxc4
34. Qf6 Qd3 35. Qe6+ Kh7 36. Qf6 Kg8 37. Qe6+ Kh7 38. Qd7+ Bg7 39. Qxd6 Qxd5
40. Qe7 Qf7 41. Qh4+ Kg8 42. Qd8+ Qf8 43. Qb6 Kh7 44. Qc7 Bd5 45. f3 Qf7 46.
Qc5 Bh6 47. Bxh6 Kxh6 48. Kg1 Kg7 49. Kf2 e4 50. Qc3+ Kh7 51. Kg3 exf3 52. gxf3
Qf5 53. h4 Be6 54. Qc7+ Bf7 55. f4 Kg7 56. Qd8 Qd5 57. Qxd5 Bxd5 58. Kg4 Bc6
59. h5 1/2-1/2

[Event "Campeonato del Mundo sub-20 2010 Fem."]
[Site "Chotowa-Czarna, Poland"]
[Date "2010.08.15"]
[Round "12.21"]
[White "Iwanow, Anna"]
[Black "Pratyusha, Bodda"]
[Result "1-0"]
[WhiteElo "2097"]
[BlackElo "2073"]
[PlyCount "59"]
[EventDate "2010.08.03"]
[EventType "swiss"]
[EventRounds "13"]
[EventCountry "POL"]
[Source "lmi"]
[SourceDate "2010.08.03"]

1. e4 e5 2. Nf3 Nc6 3. Bb5 a6 4. Ba4 Nf6 5. O-O Be7 6. Re1 b5 7. Bb3 d6 8. c3
O-O 9. h3 Na5 10. Bc2 c5 11. d4 Nd7 12. Nbd2 exd4 13. cxd4 Nc6 14. d5 Nce5 15.
Nxe5 Nxe5 16. a4 Rb8 17. axb5 axb5 18. f4 Ng6 19. Nf3 Bh4 20. Rf1 Bg3 21. f5
Ne5 22. Ng5 Bh4 23. f6 g6 24. Qd2 Bxg5 25. Qxg5 Kh8 26. Rf4 Nd7 27. Qh6 Nxf6
28. Rxf6 Bb7 29. Bg5 Qc7 30. Raf1 1-0

[Event "Campeonato del Mundo sub-20 2010 Fem."]
[Site "Chotowa-Czarna, Poland"]
[Date "2010.08.15"]
[Round "12.22"]
[White "Tsirulnik, Maritsa"]
[Black "Butuc, Maria"]
[Result "1/2-1/2"]
[WhiteElo "2153"]
[BlackElo "2220"]
[PlyCount "68"]
[EventDate "2010.08.03"]
[EventType "swiss"]
[EventRounds "13"]
[EventCountry "POL"]
[Source "lmi"]
[SourceDate "2010.08.03"]

1. d4 d5 2. Nf3 Nf6 3. c4 c6 4. Nc3 a6 5. c5 Bf5 6. Bf4 e6 7. Qb3 Qc8 8. h3 h6
9. g4 Bh7 10. Bg2 Nbd7 11. Na4 Be7 12. O-O Be4 13. Ne5 Bxg2 14. Kxg2 O-O 15. f3
Bd8 16. e4 dxe4 17. Nc4 Bc7 18. Nd6 Bxd6 19. Bxd6 Re8 20. Rae1 e3 21. Rxe3 Nd5
22. Re2 e5 23. Kh2 exd4 24. Rfe1 Re3 25. Rxe3 dxe3 26. Nc3 N7f6 27. Ne4 Qd7 28.
Bg3 Re8 29. Nd6 Re7 30. Nf5 Re6 31. Re2 Kh7 32. Nd6 Re7 33. Nf5 Re6 34. Nd6 Re7
1/2-1/2

[Event "Campeonato del Mundo sub-20 2010 Fem."]
[Site "Chotowa-Czarna, Poland"]
[Date "2010.08.15"]
[Round "12.23"]
[White "Chierici, Marianna"]
[Black "Rysbayeva, Aigerim"]
[Result "0-1"]
[WhiteElo "2016"]
[BlackElo "2209"]
[PlyCount "186"]
[EventDate "2010.08.03"]
[EventType "swiss"]
[EventRounds "13"]
[EventCountry "POL"]
[Source "lmi"]
[SourceDate "2010.08.03"]

1. e4 c5 2. c3 d5 3. exd5 Qxd5 4. d4 Nf6 5. Nf3 Bg4 6. dxc5 Qxd1+ 7. Kxd1 e5 8.
b4 e4 9. h3 Bh5 10. g4 Nxg4 11. hxg4 Bxg4 12. Nbd2 exf3 13. Bd3 Nd7 14. Re1+
Be7 15. Kc2 h5 16. Be4 O-O-O 17. Nc4 Rhe8 18. Na5 Bxc5 19. Bxb7+ Kc7 20. Rxe8
Rxe8 21. bxc5 Re2+ 22. Kd1 Nxc5 23. Bf4+ Kd7 24. Bc6+ Ke7 25. Bb5 Rb2 26. Nc6+
Kf6 27. Be3 Rxb5 28. Nxa7 Ra5 29. Nc6 Ra6 30. Bxc5 Rxc6 31. Bd4+ Kg6 32. a4 h4
33. a5 Bc8 34. Kd2 f6 35. Ke3 Bb7 36. Rb1 Re6+ 37. Kf4 Re4+ 38. Kxf3 Rxd4+ 39.
Rxb7 Rd3+ 40. Kg4 h3 41. a6 f5+ 42. Kf4 h2 43. Rb1 Rxc3 44. a7 Ra3 45. Rh1 Kf6
46. f3 Rxa7 47. Rxh2 Ra4+ 48. Kg3 Kg5 49. Rb2 Ra3 50. Rb5 g6 51. Rc5 Re3 52.
Ra5 Kf6 53. Ra6+ Re6 54. Ra3 g5 55. Kf2 Kg6 56. Ra5 Rb6 57. Rc5 Rb2+ 58. Kf1 f4
59. Rc8 Kf6 60. Rc5 Kg6 61. Rc8 Ra2 62. Rb8 Kh5 63. Rh8+ Kg6 64. Rb8 Kf6 65.
Rb5 Rc2 66. Ra5 Kg6 67. Ra8 Rd2 68. Rb8 Ra2 69. Rc8 Ra6 70. Kg2 Kf6 71. Rc5 Re6
72. Kf2 Re5 73. Rc6+ Kf5 74. Ra6 Rd5 75. Ra4 Ke5 76. Ke2 Rc5 77. Kd3 Rb5 78.
Re4+ Kf5 79. Re8 Rd5+ 80. Kc3 Re5 81. Rf8+ Kg6 82. Kd2 Re3 83. Rg8+ Kf6 84.
Rf8+ Kg7 85. Rf5 Kg6 86. Rf8 Rxf3 87. Ke2 g4 88. Rh8 Kg5 89. Rh7 Ra3 90. Kf2
Ra2+ 91. Kf1 Kf5 92. Rb7 f3 93. Rb4 Ke5 0-1

[Event "Campeonato del Mundo sub-20 2010 Fem."]
[Site "Chotowa-Czarna, Poland"]
[Date "2010.08.15"]
[Round "12.24"]
[White "Zmarzly, Aleksandra"]
[Black "Newrkla, Katharina"]
[Result "1/2-1/2"]
[WhiteElo "2026"]
[BlackElo "2105"]
[PlyCount "179"]
[EventDate "2010.08.03"]
[EventType "swiss"]
[EventRounds "13"]
[EventCountry "POL"]
[Source "lmi"]
[SourceDate "2010.08.03"]

1. d4 Nf6 2. c4 g6 3. Nc3 Bg7 4. e4 d6 5. f3 O-O 6. Nge2 a6 7. Be3 c6 8. a4 a5
9. Qd2 Na6 10. Ng3 e5 11. Be2 Qc7 12. O-O h5 13. Rfd1 h4 14. Nh1 Nh5 15. d5 Nc5
16. Ra3 Nf4 17. dxc6 bxc6 18. Qxd6 Qxd6 19. Rxd6 Nce6 20. g3 hxg3 21. hxg3
Nxe2+ 22. Nxe2 Rb8 23. Rd2 Ba6 24. b3 Rfd8 25. Rxd8+ Rxd8 26. Nf2 Bf8 27. Ra2
Rb8 28. Nc1 Nc5 29. Bxc5 Bxc5 30. Kg2 Bc8 31. Nfd3 Bd4 32. Re2 Be6 33. Re1 Kg7
34. Rh1 f6 35. Rh2 Be3 36. Kf1 Rd8 37. Ke2 Bd4 38. Rh1 Rb8 39. Kd2 f5 40. Re1
fxe4 41. fxe4 Bg4 42. Kc2 Rh8 43. b4 axb4 44. Nxb4 Rh2+ 45. Kb3 Rb2+ 46. Ka3
Bc3 47. Re3 Bd4 48. Re1 Rg2 49. Nxc6 Rxg3+ 50. Ka2 Rg2+ 51. Ka3 Rg3+ 52. Ka2
Be6 53. Nxd4 exd4 54. Rd1 Bxc4+ 55. Kb2 d3 56. Kc3 Ba6 57. Nxd3 Bxd3 58. Rxd3
Rg1 59. a5 Re1 60. Rd4 Ra1 61. Kb4 Kf6 62. Rd6+ Ke5 63. Rxg6 Kxe4 64. Rd6 Ke5
65. Rd2 Rb1+ 66. Kc5 Rc1+ 67. Kb6 Rb1+ 68. Ka7 Ke6 69. a6 Ke7 70. Ka8 Rb3 71.
Rd5 Rb6 72. Ka7 Rb1 73. Rd2 Rb3 74. Rd1 Rb2 75. Rd3 Rb1 76. Rd4 Rb2 77. Rh4 Kd7
78. Rh7+ Kc6 79. Ka8 Ra2 80. Rh6+ Kc7 81. Rh7+ Kc6 82. a7 Rb2 83. Rh8 Kc7 84.
Rb8 Rh2 85. Rb7+ Kc6 86. Rb8 Kc7 87. Rg8 Rb2 88. Rg7+ Kc6 89. Rg8 Kc7 90. Rg7+
1/2-1/2

[Event "Campeonato del Mundo sub-20 2010 Fem."]
[Site "Chotowa-Czarna, Poland"]
[Date "2010.08.15"]
[Round "12.25"]
[White "Osmanodja, Filiz"]
[Black "Uta, Adeline-Ramona"]
[Result "0-1"]
[WhiteElo "2061"]
[BlackElo "2099"]
[PlyCount "73"]
[EventDate "2010.08.03"]
[EventType "swiss"]
[EventRounds "13"]
[EventCountry "POL"]
[Source "lmi"]
[SourceDate "2010.08.03"]

1. e4 c5 2. Nf3 d6 3. d4 cxd4 4. Nxd4 Nf6 5. Nc3 g6 6. Be3 Bg7 7. f3 O-O 8. Qd2
Nc6 9. Bc4 Bd7 10. O-O-O Rc8 11. Bb3 Ne5 12. Kb1 a6 13. Bh6 Bxh6 14. Qxh6 Rxc3
15. bxc3 a5 16. a4 Qb6 17. Kc1 Rc8 18. Kd2 Qc5 19. Qe3 Bxa4 20. Ne2 Qc7 21. Ra1
Bb5 22. Nd4 Bd7 23. Ke2 b5 24. Rhb1 a4 25. Ba2 Qc5 26. Rb4 d5 27. exd5 Nc4 28.
Bxc4 bxc4 29. Qd2 Nxd5 30. Rb7 Be8 31. Kf1 e5 32. Ne2 Bc6 33. Rbb1 Ne3+ 34. Ke1
Nxg2+ 35. Kd1 Bxf3 36. Kc1 a3 37. Kd1 0-1

[Event "Campeonato del Mundo sub-20 2010 Fem."]
[Site "Chotowa-Czarna, Poland"]
[Date "2010.08.15"]
[Round "12.26"]
[White "Edes, Zsofia"]
[Black "Correa, Jaqueline Pamplona"]
[Result "1/2-1/2"]
[WhiteElo "2097"]
[BlackElo "1928"]
[PlyCount "97"]
[EventDate "2010.08.03"]
[EventType "swiss"]
[EventRounds "13"]
[EventCountry "POL"]
[Source "lmi"]
[SourceDate "2010.08.03"]

1. d4 Nf6 2. c4 g6 3. Nc3 d5 4. cxd5 Nxd5 5. e4 Nxc3 6. bxc3 Bg7 7. Bc4 O-O 8.
Ne2 c5 9. Be3 cxd4 10. cxd4 Nc6 11. O-O Na5 12. Bd3 a6 13. Rc1 b5 14. Bf4 Ra7
15. Qd2 Rd7 16. Bh6 Bb7 17. Qg5 f6 18. Qh4 Nc6 19. d5 Ne5 20. Bc2 Nf7 21. Be3
Qa8 22. Nd4 Nd8 23. Bb3 Kh8 24. f3 Bc8 25. Rc3 Rd6 26. Rfc1 Bd7 27. Bc2 Nf7 28.
f4 g5 29. Qh5 h6 30. fxg5 fxg5 31. Rc7 Ne5 32. Bxg5 Bg4 33. Qh4 Ng6 34. Qxg4
Bxd4+ 35. Kh1 hxg5 36. e5 Bxe5 37. Bxg6 Rxg6 38. Rc8 Qxd5 39. Rxf8+ Kg7 40.
Rcf1 Bf4 41. Re8 Re6 42. Qh5 Re3 43. Rd1 Qe4 44. Qh8+ Kg6 45. Rg8+ Kf5 46. Rf8+
Ke6 47. Qg8+ Ke5 48. Qg7+ Ke6 49. Qg8+ 1/2-1/2

[Event "Campeonato del Mundo sub-20 2010 Fem."]
[Site "Chotowa-Czarna, Poland"]
[Date "2010.08.15"]
[Round "12.27"]
[White "Orehek, Spela"]
[Black "Kasperek, Joanna"]
[Result "1/2-1/2"]
[WhiteElo "1883"]
[BlackElo "2001"]
[PlyCount "41"]
[EventDate "2010.08.03"]
[EventType "swiss"]
[EventRounds "13"]
[EventCountry "POL"]
[Source "lmi"]
[SourceDate "2010.08.03"]

1. e4 c5 2. c3 Nf6 3. e5 Nd5 4. d4 cxd4 5. cxd4 d6 6. Bc4 e6 7. Nf3 Nc6 8. O-O
Be7 9. Qe2 O-O 10. Re1 a6 11. Qe4 Nb6 12. Bb3 Re8 13. Bc2 g6 14. Nc3 Qc7 15. h4
dxe5 16. dxe5 Nb4 17. Bb1 N6d5 18. Bd2 Bd7 19. a3 Nxc3 20. bxc3 Nd5 21. c4
1/2-1/2

[Event "Campeonato del Mundo sub-20 2010 Fem."]
[Site "Chotowa-Czarna, Poland"]
[Date "2010.08.15"]
[Round "12.28"]
[White "Kaya, Emel"]
[Black "Rysbayeva, Nazerke"]
[Result "0-1"]
[WhiteElo "2015"]
[BlackElo "2052"]
[PlyCount "50"]
[EventDate "2010.08.03"]
[EventType "swiss"]
[EventRounds "13"]
[EventCountry "POL"]
[Source "lmi"]
[SourceDate "2010.08.03"]

1. e4 c6 2. c4 d5 3. exd5 cxd5 4. cxd5 Qxd5 5. Nc3 Qa5 6. Bc4 Nf6 7. Nf3 e6 8.
O-O Be7 9. d4 O-O 10. Bd2 Qd8 11. Rc1 a6 12. Bg5 b5 13. Bb3 Bb7 14. Re1 Nc6 15.
Bxf6 Bxf6 16. d5 Na5 17. dxe6 Nxb3 18. Qxb3 Bxf3 19. exf7+ Rxf7 20. gxf3 Qd3
21. Ne4 Qxb3 22. Nxf6+ Rxf6 23. axb3 Ra7 24. Kg2 Rd7 25. Rc3 Kf7 0-1

[Event "Campeonato del Mundo sub-20 2010 Fem."]
[Site "Chotowa-Czarna, Poland"]
[Date "2010.08.15"]
[Round "12.29"]
[White "Mareckova, Martina"]
[Black "Tomaszewska, Luiza"]
[Result "1/2-1/2"]
[WhiteElo "2095"]
[BlackElo "1968"]
[PlyCount "72"]
[EventDate "2010.08.03"]
[EventType "swiss"]
[EventRounds "13"]
[EventCountry "POL"]
[Source "lmi"]
[SourceDate "2010.08.03"]

1. e4 e6 2. d3 c5 3. Nf3 d5 4. Qe2 Be7 5. g3 Nc6 6. Bg2 Nf6 7. e5 Nd7 8. h4 Qc7
9. Bf4 h6 10. c4 d4 11. Nbd2 b6 12. a3 Bb7 13. O-O O-O-O 14. Rfe1 Rdg8 15. Ne4
Ncxe5 16. Nxe5 Nxe5 17. Nxc5 Bxg2 18. Qxe5 Qxe5 19. Bxe5 bxc5 20. Kxg2 Kd7 21.
b4 f6 22. Bf4 g5 23. hxg5 hxg5 24. Bd2 e5 25. Rab1 Kc6 26. b5+ Kb7 27. Rh1 Bd8
28. g4 Rh4 29. Rxh4 gxh4 30. Kf3 Rh8 31. Rh1 h3 32. Kg3 Bc7 33. Rxh3 e4+ 34.
Kg2 Rg8 35. dxe4 Rxg4+ 36. Kf3 Rg1 1/2-1/2

[Event "Campeonato del Mundo sub-20 2010 Fem."]
[Site "Chotowa-Czarna, Poland"]
[Date "2010.08.15"]
[Round "12.30"]
[White "Guo, Emma"]
[Black "Deur, Zrinka"]
[Result "1-0"]
[WhiteElo "1965"]
[BlackElo "2061"]
[PlyCount "93"]
[EventDate "2010.08.03"]
[EventType "swiss"]
[EventRounds "13"]
[EventCountry "POL"]
[Source "lmi"]
[SourceDate "2010.08.03"]

1. d4 Nf6 2. Bg5 d5 3. Nf3 Nbd7 4. e3 h6 5. Bxf6 Nxf6 6. Ne5 Bf5 7. Bd3 Bxd3 8.
Qxd3 c6 9. Nd2 e6 10. f4 Bd6 11. O-O O-O 12. c3 Qb6 13. Rab1 c5 14. Ndf3 Qc7
15. Nd2 a6 16. Kh1 b5 17. Qe2 g6 18. Ng4 Nxg4 19. Qxg4 Kh7 20. Qf3 b4 21. e4
bxc3 22. bxc3 cxd4 23. cxd4 Qc2 24. Qe3 Rab8 25. Rbc1 Qa4 26. exd5 exd5 27. f5
Rbe8 28. Qd3 Rc8 29. Rxc8 Rxc8 30. fxg6+ Kg7 31. gxf7 Qxa2 32. Qf5 Qxd2 33.
Qxc8 Bf8 34. Qg4+ Qg5 35. Qxg5+ hxg5 36. Rf5 a5 37. Rxd5 a4 38. Rxg5+ Kxf7 39.
Ra5 a3 40. g4 Bb4 41. Ra6 Ke7 42. g5 Bd6 43. g6 Bb4 44. h4 Kf8 45. h5 Kg7 46.
Ra7+ Kf6 47. g7 1-0

[Event "Campeonato del Mundo sub-20 2010 Fem."]
[Site "Chotowa-Czarna, Poland"]
[Date "2010.08.15"]
[Round "12.31"]
[White "Misovic, Sanja"]
[Black "Skrzypczak, Anna"]
[Result "1/2-1/2"]
[WhiteElo "1907"]
[BlackElo "2028"]
[PlyCount "65"]
[EventDate "2010.08.03"]
[EventType "swiss"]
[EventRounds "13"]
[EventCountry "POL"]
[Source "lmi"]
[SourceDate "2010.08.03"]

1. d4 Nf6 2. c4 e6 3. Nf3 d5 4. Nc3 dxc4 5. Bg5 h6 6. Bh4 a6 7. e3 Nbd7 8. Bxc4
b5 9. Bb3 Bb7 10. O-O Be7 11. d5 exd5 12. Nxd5 Nxd5 13. Bxd5 Bxd5 14. Qxd5 Bxh4
15. Nxh4 O-O 16. Nf3 Nb6 17. Qc6 Qd7 18. Rac1 Rac8 19. Rfd1 Qxc6 20. Rxc6 Rfd8
21. Rdc1 Rd6 22. Rxd6 cxd6 23. Rxc8+ Nxc8 24. Kf1 Kf8 25. Ke2 Ke7 26. Kd3 g6
27. Kc3 Kd7 28. g4 Ne7 29. e4 Ke6 30. h4 f6 31. b3 d5 32. Kd4 dxe4 33. Kxe4
1/2-1/2